Państwa o najmniejszych maksymalnych odległościach do oceanu - Statystyki

Ogólne statystyki
  • Ten quiz został rozwiązany 2 024 razy
  • Średni wynik to 11 z 22
Statystyki odpowiedzi
Odległośćkm Państwo % Poprawnych
1 Monako
68%
22 San Marino
63%
22 Watykan
63%
60 Panama
56%
134 Andora
52%
39 Katar
52%
96 Belize
51%
123 Izrael
50%
115 Korea Południowa
50%
100 Kostaryka
50%
105 Salwador
50%
115 Kuwejt
49%
185 Holandia
47%
72 Liban
44%
197 Zjednoczone Emiraty Arabskie
44%
125 Albania
43%
100 Dżibuti
43%
136 Czarnogóra
42%
136 Grecja
41%
186 Estonia
40%
200 Eswatini
36%
194 Gwinea Równikowa
35%
Nie znaleziono quizów pasujących do podanych kryteriów
Rozkład punktacji
Procent ludzi z każdym wynikiem
Percentyl według liczby udzielonych odpowiedzi
Twoja historia wyników
Nie rozwiązałeś tego quizu